| 000 | 00895nam a22002297a 4500 | ||
|---|---|---|---|
| 999 |
_c2652 _d2652 |
||
| 003 | AR-CdUCM | ||
| 008 | 190305b ||||| |||| 00| 0 spa d | ||
| 040 |
_aMUNICIPALIDAD PROVINCIAL DEL CUSCO _cBIBLIOTECA MUNICIPAL DEL CUSCO |
||
| 082 |
_a348.182 / _bG89 |
||
| 100 |
_aGuglielmo, Pascual di _99324 |
||
| 245 | _aTratado de Derecho Industrial / | ||
| 260 |
_aBuenos Aires : _bTipográfica Editora Argentina, _c1951. |
||
| 300 |
_at.2, 481 paginas _c23cm. |
||
| 500 | _aArgentino, con legislación, 1900-1949. | ||
| 505 | _aContenido- T.2: Principios Generales -- Signos que pueden constituir marcas -- Clasificación de las marcas -- Sujetos y Objetos del derecho de marcas -- Diversos sistemas -- Objetos... | ||
| 650 |
_aDerecho Industrial _99325 |
||
| 650 |
_aDerecho Comercial _99326 |
||
| 650 |
_aArgentina _9511 |
||
| 650 |
_aLeyes _94808 |
||
| 942 |
_2ddc _cLIBROS |
||
| 945 | _apjha | ||